[Event "GER-chT U12"]
[Site "Magdeburg"]
[Date "2023.12.27"]
[Round "1.9"]
[White "Bergmann, Rafael Antonio"]
[Black "Libert, Nick"]
[Result "1-0"]
[WhiteElo "1545"]
[BlackElo "1304"]
[PlyCount "125"]
[EventDate "2023.12.26"]
[EventType "team-swiss"]
[EventRounds "7"]
[EventCountry "GER"]
[SourceTitle "CB03_2024"]
[SourceDate "2024.01.17"]
[SourceVersion "1"]
[SourceVersionDate "2024.01.17"]
[SourceQuality "1"]
[WhiteTeam "Lichtenberg Borussia"]
[BlackTeam "Brackel"]
[WhiteTeamCountry "GER"]
[BlackTeamCountry "GER"]

1. e4 e5 2. Nf3 Nc6 3. Bc4 Nf6 4. d3 h6 5. Nbd2 Bc5 6. c3 d6 7. Nf1 Be6 8. Bb3 Ng4 9. Ne3 Nxe3 10. Bxe3 Bxe3 11. fxe3 Qd7 12. d4 Bg4 13. h3 Bh5 14. Qe2 Rf8 15. 0-0-0 0-0-0 16. Qf2 Na5 17. Bc2 f6 18. Qf1 Kb8 19. d5 b6 20. Qa6 Qc8 21. Qb5 Qd7 22. Qb4 Be8 23. Nd2 Qb5 24. Qxb5 Bxb5 25. b4 Nc4 26. a4 Ba6 27. b5 Nxd2 28. Rxd2 Bc8 29. Bd3 f5 30. exf5 Bxf5 31. Kc2 Bxd3+ 32. Kxd3 Kc8 33. a5 Kd7 34. axb6 axb6 35. Ra1 Ra8 36. Rda2 Rxa2 37. Rxa2 Ke7 38. c4 g6 39. Rb2 Ra8 40. Rc2 Ra3+ 41. Ke4 Ra4 42. Kf3 Ra8 43. Kg4 Rf8 44. Ra2 Rf5 45. Ra7 Kd7 46. Ra8 Rg5+ 47. Kf3 Rf5+ 48. Ke2 Rg5 49. Kf2 Rf5+ 50. Kg1 Rg5 51. Rh8 h5 52. Rh7+ Kc8 53. Rg7 Kb7 54. Kh2 Kb8 55. g3 Kb7 56. e4 Kc8 57. Kg2 Kd8 58. Kf3 Kc8 59. g4 Kd8 60. Kg3 Ke8 61. Kh4 Kf8 62. Rxc7 hxg4 63. hxg4 1-0

[Event "GER-ch U10"]
[Site "Willingen"]
[Date "2023.05.31"]
[Round "6"]
[White "Bergmann, Rafael Antonio"]
[Black "Burban, Bogdan"]
[Result "1-0"]
[WhiteElo "1669"]
[BlackElo "1300"]
[PlyCount "99"]
[EventDate "2023.05.27"]
[EventType "swiss"]
[EventRounds "11"]
[EventCountry "GER"]
[SourceTitle "CBM 214 Extra"]
[Source "ChessBase"]
[SourceDate "2023.07.31"]
[SourceVersion "1"]
[SourceVersionDate "2023.07.31"]
[SourceQuality "1"]

1. e4 e6 2. d4 d5 3. Nd2 c5 4. exd5 Qxd5 5. Ngf3 cxd4 6. Bc4 Qd6 7. 0-0 Nf6 8. Nb3 Nc6 9. Nbxd4 Nxd4 10. Nxd4 a6 11. Re1 Qc7 12. Bf1 Bd6 13. Nf5 Bxh2+ 14. Kh1 0-0 15. Nxg7 Rd8 16. Bd3 Kxg7 17. Qd2 Be5 18. Qg5+ Kh8 19. Rxe5 Ng4 20. Qxg4 Qxe5 21. Qh4 Rxd3 22. cxd3 b5 23. Bg5 Qf5 24. Qh6 Bb7 25. Bf6+ Qxf6 26. Qxf6+ Kg8 27. Rc1 Bd5 28. Rc7 Rf8 29. b3 a5 30. Ra7 a4 31. bxa4 bxa4 32. Rxa4 Rc8 33. Rg4+ Kf8 34. Qh8+ Ke7 35. Qxc8 h5 36. Qc7+ Kf6 37. Rf4+ Kg5 38. Qe5+ f5 39. Rxf5+ exf5 40. Qxd5 h4 41. Kh2 h3 42. Kxh3 Kf6 43. f4 Kg6 44. Qe6+ Kg7 45. a4 Kh7 46. a5 Kg7 47. a6 Kh7 48. a7 Kg7 49. a8Q Kh7 50. Qag8# 1-0

[Event "GER-ch U10"]
[Site "Willingen"]
[Date "2023.05.30"]
[Round "5"]
[White "Simon, Levi Paul"]
[Black "Bergmann, Rafael Antonio"]
[Result "0-1"]
[WhiteElo "1297"]
[BlackElo "1669"]
[PlyCount "96"]
[EventDate "2023.05.27"]
[EventType "swiss"]
[EventRounds "11"]
[EventCountry "GER"]
[SourceTitle "CBM 214 Extra"]
[Source "ChessBase"]
[SourceDate "2023.07.31"]
[SourceVersion "1"]
[SourceVersionDate "2023.07.31"]
[SourceQuality "1"]

1. d4 Nf6 2. Nf3 e6 3. c4 d5 4. Nc3 a6 5. Bg5 Be7 6. e3 0-0 7. Rc1 Nbd7 8. Bd3 dxc4 9. Bxc4 b5 10. Be2 Bb7 11. 0-0 c5 12. dxc5 Bxc5 13. Bxf6 Nxf6 14. Qxd8 Rfxd8 15. Nxb5 axb5 16. Rxc5 Rxa2 17. Rxb5 Ba6 18. Bc4 Bxb5 19. Bxa2 Bxf1 20. Kxf1 Rb8 21. b3 Ne4 22. Bb1 Nc5 23. Bc2 Nxb3 24. Bxb3 Rxb3 25. g4 Kf8 26. Nd4 Rb1+ 27. Kg2 Ke7 28. h4 Kd6 29. Nf3 f6 30. Nd2 Rd1 31. Ne4+ Ke5 32. Ng3 Ra1 33. Ne2 Ra4 34. f4+ Kd6 35. Kf3 f5 36. g5 Rc4 37. Kg3 Kd5 38. Kf3 e5 39. Ng3 e4+ 40. Kf2 g6 41. h5 Rc2+ 42. Kf1 Kc4 43. hxg6 hxg6 44. Ke1 Kd3 45. Nf1 Rc1+ 46. Kf2 Rxf1+ 47. Kxf1 Kxe3 48. Ke1 Kxf4 0-1

[Event "GER-ch U10"]
[Site "Willingen"]
[Date "2023.05.29"]
[Round "4"]
[White "Bergmann, Rafael Antonio"]
[Black "Wagener, Nicolas"]
[Result "0-1"]
[WhiteElo "1669"]
[BlackElo "1506"]
[PlyCount "74"]
[EventDate "2023.05.27"]
[EventType "swiss"]
[EventRounds "11"]
[EventCountry "GER"]
[SourceTitle "CBM 214 Extra"]
[Source "ChessBase"]
[SourceDate "2023.07.31"]
[SourceVersion "1"]
[SourceVersionDate "2023.07.31"]
[SourceQuality "1"]

1. e4 c5 2. Nf3 e6 3. d4 cxd4 4. Nxd4 a6 5. Nc3 Qc7 6. Bd3 Nf6 7. Be3 Bb4 8. Bd2 Bc5 9. Nb3 Ba7 10. 0-0 d6 11. Qe2 0-0 12. Rad1 b5 13. a3 Bb7 14. Be3 Bxe3 15. Qxe3 Nbd7 16. Qd2 Nc5 17. f3 Nxb3 18. cxb3 h6 19. Bb1 Rfd8 20. Rc1 Qb6+ 21. Kh1 d5 22. e5 Nd7 23. f4 Nc5 24. Qc2 Rac8 25. Qh7+ Kf8 26. b4 Nb3 27. Rcd1 d4 28. Ne4 Bc6 29. Qh8+ Ke7 30. Qxg7 Qb7 31. Nd6 Rxd6 32. exd6+ Kxd6 33. Ba2 Qa8 34. Bxb3 Rg8 35. Qxd4+ Ke7 36. Rf2 Bxg2+ 37. Kg1 Bh3+ 0-1

[Event "GER-ch U10"]
[Site "Willingen"]
[Date "2023.05.29"]
[Round "3"]
[White "Rusch, Levi Adrian"]
[Black "Bergmann, Rafael Antonio"]
[Result "0-1"]
[WhiteElo "1151"]
[BlackElo "1669"]
[PlyCount "120"]
[EventDate "2023.05.27"]
[EventType "swiss"]
[EventRounds "11"]
[EventCountry "GER"]
[SourceTitle "CBM 214 Extra"]
[Source "ChessBase"]
[SourceDate "2023.07.31"]
[SourceVersion "1"]
[SourceVersionDate "2023.07.31"]
[SourceQuality "1"]

1. d4 Nf6 2. Nc3 d5 3. Bf4 c5 4. e3 cxd4 5. exd4 a6 6. Nf3 Bg4 7. Bd3 Nc6 8. Be2 e6 9. a3 Be7 10. h3 Bh5 11. g4 Bg6 12. Ne5 Nxe5 13. dxe5 Ne4 14. h4 Bxh4 15. Nxe4 Bxe4 16. Rh3 Rc8 17. c3 Bg5 18. Bxg5 Qxg5 19. f3 Bg6 20. Qa4+ Rc6 21. f4 Qd8 22. Bxa6 0-0 23. Be2 Qb6 24. 0-0-0 Qf2 25. Bd3 Rb6 26. Rd2 Qg1+ 27. Qd1 Qxd1+ 28. Rxd1 Bxd3 29. Rdxd3 Rc6 30. Rdg3 f6 31. Rf3 Rc4 32. b3 Re4 33. exf6 Rxf6 34. Kd2 Rfxf4 35. Rxf4 Rxf4 36. Rg3 Kf7 37. Ke3 e5 38. Rf3 g5 39. Rh3 Kg6 40. a4 Rxg4 41. a5 Rg1 42. Rh2 Ra1 43. b4 Rb1 44. Rd2 Rb3 45. Rxd5 Rxc3+ 46. Kd2 Rc7 47. Rxe5 h5 48. Rc5 Rd7+ 49. Ke2 h4 50. b5 Kh5 51. b6 h3 52. Rc7 Rd5 53. Rxb7 Rxa5 54. Rb8 Rb5 55. b7 Kg4 56. Kf2 Rb2+ 57. Kg1 Kg3 58. Kf1 h2 59. Rh8 Rxb7 60. Rxh2 Kxh2 0-1

[Event "GER-ch U08"]
[Site "Willingen"]
[Date "2022.06.10"]
[Round "5"]
[White "Sauer, Ben"]
[Black "Bergmann, Rafael Antonio"]
[Result "1-0"]
[WhiteElo "1254"]
[BlackElo "1123"]
[PlyCount "135"]
[EventDate "2022.06.07"]
[EventType "swiss"]
[EventRounds "7"]
[EventCountry "GER"]
[SourceTitle "EXT 2023"]
[Source "ChessBase"]
[SourceDate "2022.10.05"]
[SourceVersion "1"]
[SourceVersionDate "2022.10.05"]
[SourceQuality "1"]

1. e4 e5 2. Nf3 Nc6 3. Bc4 Be7 4. d4 exd4 5. Nxd4 Nf6 6. Nc3 0-0 7. 0-0 d6 8. b3 Bg4 9. f3 Bd7 10. Bb2 Ne5 11. Rb1 c6 12. h3 b5 13. Bd3 b4 14. Na4 c5 15. Ne2 Bxa4 16. bxa4 Qb6 17. f4 Nxd3 18. cxd3 d5 19. Bxf6 Bxf6 20. e5 c4+ 21. Kh1 cxd3 22. Qxd3 Be7 23. Qxd5 Rad8 24. Qb3 Qa6 25. Ng1 Rd3 26. Qc2 Rfd8 27. Rfd1 g6 28. Rxd3 Qxd3 29. Qxd3 Rxd3 30. Rc1 Rc3 31. Ne2 Rxc1+ 32. Nxc1 a5 33. Nb3 Bd8 34. Kh2 Kg7 35. Kg3 Kh6 36. Kf3 Kh5 37. g3 Bb6 38. Nd2 Bc7 39. Nc4 h6 40. Nd6 f6 41. Ne8 g5 42. Nxf6+ Kg6 43. Nd5 Bd8 44. e6 gxf4 45. Kxf4 Bg5+ 46. Ke5 h5 47. Kd6 h4 48. gxh4 Bxh4 49. e7 Bxe7+ 50. Nxe7+ Kh5 51. Kc5 Kh4 52. Kb5 Kxh3 53. Kxa5 Kg4 54. Kxb4 Kf4 55. Kc5 Ke4 56. a5 Kd3 57. a6 Ke4 58. a7 Ke5 59. a8Q Kf6 60. Qc6+ Kg5 61. Qe6 Kf4 62. Nc8 Kf3 63. Kd4 Kf4 64. Qf6+ Kg4 65. Ke3 Kg3 66. Qg7+ Kh2 67. Kf2 Kh1 68. Qg2# 1-0

[Event "GER-ch U08"]
[Site "Willingen"]
[Date "2022.06.09"]
[Round "4"]
[White "Bergmann, Rafael Antonio"]
[Black "Steinbrenner, Peter"]
[Result "0-1"]
[WhiteElo "1123"]
[BlackElo "1205"]
[PlyCount "98"]
[EventDate "2022.06.07"]
[EventType "swiss"]
[EventRounds "7"]
[EventCountry "GER"]
[SourceTitle "EXT 2023"]
[Source "ChessBase"]
[SourceDate "2022.10.05"]
[SourceVersion "1"]
[SourceVersionDate "2022.10.05"]
[SourceQuality "1"]

1. e4 c5 2. Nf3 Nc6 3. Bc4 e6 4. Qe2 a6 5. a4 g6 6. 0-0 Bg7 7. d3 Nge7 8. c3 0-0 9. Bg5 f6 10. Bf4 Na5 11. Ba2 Kh8 12. e5 f5 13. d4 cxd4 14. cxd4 b6 15. Nc3 Bb7 16. Rac1 Rc8 17. h3 Nac6 18. Rfd1 Nb4 19. Bc4 Ned5 20. Nxd5 Nxd5 21. Bg5 Qe8 22. Bxa6 Bxa6 23. Qxa6 Ra8 24. Qe2 Rxa4 25. Bd2 Ra2 26. Be1 Bh6 27. Ra1 Rxa1 28. Rxa1 Nf4 29. Qb5 Nd5 30. Ra7 Rf7 31. Qa4 Qe7 32. Qc4 Rf8 33. Qb5 Rf7 34. Qa6 Bf8 35. Qc8 Kg7 36. Nd2 Nf4 37. Nc4 Qg5 38. g3 Nxh3+ 39. Kh2 Qh5 40. Kg2 Ng5 41. f4 Qf3+ 42. Kg1 Nh3+ 43. Kh2 Qf1 44. Qb7 Qxe1 45. Kxh3 Qf1+ 46. Kh2 Qxc4 47. Qxb6 Qe2+ 48. Kh3 Qe4 49. Rc7 Qh1# 0-1

[Event "GER-ch U08"]
[Site "Willingen"]
[Date "2022.06.08"]
[Round "2"]
[White "Bergmann, Rafael Antonio"]
[Black "Ruddat, Maila"]
[Result "1-0"]
[WhiteElo "1123"]
[BlackElo "824"]
[PlyCount "69"]
[EventDate "2022.06.07"]
[EventType "swiss"]
[EventRounds "7"]
[EventCountry "GER"]
[SourceTitle "EXT 2023"]
[Source "ChessBase"]
[SourceDate "2022.10.05"]
[SourceVersion "1"]
[SourceVersionDate "2022.10.05"]
[SourceQuality "1"]

1. e4 e5 2. Nf3 Nc6 3. Bc4 Bc5 4. c3 Nf6 5. d3 d6 6. 0-0 Bg4 7. Nbd2 Qd7 8. b4 Bb6 9. a4 a6 10. h3 Bh5 11. Re1 0-0 12. Nf1 h6 13. Ng3 Bg6 14. Nh4 Bh7 15. Nhf5 Bxf5 16. Nxf5 Ne7 17. g4 Nxf5 18. exf5 Ne8 19. Qf3 Qe7 20. Qg3 Rd8 21. g5 h5 22. f6 Qd7 23. g6 Nxf6 24. Bxf7+ Kh8 25. Bg5 Qf5 26. Rf1 Ba7 27. Qg2 c5 28. b5 a5 29. c4 b6 30. Rfe1 Rb8 31. Re3 Rfd8 32. Rf3 Qd7 33. Bxf6 gxf6 34. g7+ Kh7 35. Qg6# 1-0